[Event "Titled Tuesday intern op 19th Sep Early"]
[Site "Chess.com INT"]
[Date "2023.09.19"]
[Round "1"]
[White "Titichoca Daza, Daniel Henry"]
[Black "Osuna Vega, Enrique"]
[Result "1-0"]
[WhiteElo "2151"]
[BlackElo "2020"]
[PlyCount "41"]
[EventDate "2023.09.19"]
[EventType "swiss (blitz)"]
[EventRounds "11"]
[EventCountry "USA"]
[SourceTitle "EXT 2024"]
[Source "ChessBase"]
[SourceDate "2023.10.10"]
[SourceVersion "1"]
[SourceVersionDate "2023.10.10"]
[SourceQuality "1"]

1. e4 c5 2. Nf3 Nf6 3. e5 Nd5 4. Nc3 e6 5. Ne4 Qb6 6. c4 Nb4 7. a3 N4c6 8. b4 cxb4 9. d4 bxa3 10. c5 Qc7 11. Bxa3 d5 12. cxd6 Qa5+ 13. Ned2 f6 14. Bd3 fxe5 15. 0-0 Nxd4 16. Nc4 Nxf3+ 17. Qxf3 Qd5 18. Qh5+ Kd8 19. Nxe5 g6 20. Qg5+ Ke8 21. Qf6 1-0

[Event "Titled Tuesday intern op 13th Jun Early"]
[Site "Chess.com INT"]
[Date "2023.06.13"]
[Round "7"]
[White "Argandona Riveiro, Inigo"]
[Black "Osuna Vega, Enrique"]
[Result "1-0"]
[WhiteElo "2344"]
[BlackElo "2050"]
[PlyCount "79"]
[EventDate "2023.06.13"]
[EventType "swiss (blitz)"]
[EventRounds "11"]
[EventCountry "USA"]
[SourceTitle "EXT 2024"]
[Source "ChessBase"]
[SourceDate "2023.10.10"]
[SourceVersion "1"]
[SourceVersionDate "2023.10.10"]
[SourceQuality "1"]

1. Nf3 c5 2. c4 Nc6 3. d4 cxd4 4. Nxd4 Nf6 5. Nc3 g6 6. e4 d6 7. Be2 Bg7 8. Be3 0-0 9. 0-0 Be6 10. Rc1 Nxd4 11. Bxd4 Rc8 12. b3 Nd7 13. Be3 a5 14. f4 Nc5 15. Bf3 b6 16. Kh1 Bd7 17. Re1 Bc6 18. Bf2 Qd7 19. Qe2 Qb7 20. Nd5 Rfe8 21. f5 Bxd5 22. exd5 Qd7 23. fxg6 hxg6 24. Bg4 f5 25. Bf3 Bf6 26. Qe3 Kg7 27. Re2 Rh8 28. Rce1 Rce8 29. Qd2 Qc8 30. Bd4 Qd7 31. Qc3 Qd8 32. a3 Rhf8 33. b4 axb4 34. axb4 Nd7 35. Re6 Ne5 36. R1xe5 Bxe5 37. Bxe5+ dxe5 38. Rxe5 e6 39. Rxe6+ Kg8 40. Rxg6+ 1-0

[Event "Titled Tuesday intern op 13th Jun Early"]
[Site "Chess.com INT"]
[Date "2023.06.13"]
[Round "10"]
[White "Georg, Heinz"]
[Black "Osuna Vega, Enrique"]
[Result "1-0"]
[WhiteElo "2118"]
[BlackElo "2050"]
[PlyCount "133"]
[EventDate "2023.06.13"]
[EventType "swiss (blitz)"]
[EventRounds "11"]
[EventCountry "USA"]
[SourceTitle "EXT 2024"]
[Source "ChessBase"]
[SourceDate "2023.10.10"]
[SourceVersion "1"]
[SourceVersionDate "2023.10.10"]
[SourceQuality "1"]

1. e4 d6 2. d4 Nf6 3. Nc3 e5 4. Nf3 Nbd7 5. Bc4 Be7 6. 0-0 0-0 7. h3 c6 8. a4 a5 9. Be3 Nb6 10. Bb3 Nfd7 11. d5 cxd5 12. Nxd5 Nxd5 13. Bxd5 Nb6 14. Bb3 Qc7 15. Qd3 Bd7 16. Rfd1 Rac8 17. Bxb6 Qxb6 18. Nxe5 dxe5 19. Qxd7 Bc5 20. Qf5 Bd4 21. Rab1 Qg6 22. c3 Qxf5 23. exf5 Bc5 24. Rd5 b6 25. Rxe5 Rcd8 26. Re2 Rfe8 27. Rbe1 Kf8 28. g4 Rxe2 29. Rxe2 Re8 30. Rd2 Re1+ 31. Kg2 Ke7 32. Kf3 g6 33. fxg6 fxg6 34. Re2+ Rxe2 35. Kxe2 g5 36. f3 h6 37. Kd3 Kd6 38. Ke4 Ke7 39. f4 gxf4 40. Kxf4 Kf6 41. Bd5 Bd6+ 42. Ke4 Bc5 43. b3 Bf2 44. Kd3 Ke5 45. Bc6 Bc5 46. Kc4 Kd6 47. Be8 Ke7 48. Bh5 Kd6 49. b4 axb4 50. cxb4 Be3 51. Kb5 Kc7 52. Bg6 Bg5 53. Bf5 Bf6 54. a5 bxa5 55. Kxa5 Kb8 56. Kb6 Bg5 57. b5 Bf6 58. Kc6 Bg5 59. Bd7 Bh4 60. Kd5 Kc7 61. Bc6 Bf2 62. Ke6 Kd8 63. Kf6 Be3 64. h4 Kc7 65. g5 hxg5 66. hxg5 Kd8 67. g6 1-0

[Event "Titled Tuesday intern op 13th Jun Early"]
[Site "Chess.com INT"]
[Date "2023.06.13"]
[Round "8"]
[White "Osuna Vega, Enrique"]
[Black "Tarasova, Viktoriya"]
[Result "0-1"]
[WhiteElo "2050"]
[BlackElo "2226"]
[PlyCount "72"]
[EventDate "2023.06.13"]
[EventType "swiss (blitz)"]
[EventRounds "11"]
[EventCountry "USA"]
[SourceTitle "EXT 2024"]
[Source "ChessBase"]
[SourceDate "2023.10.10"]
[SourceVersion "1"]
[SourceVersionDate "2023.10.10"]
[SourceQuality "1"]

1. e4 e5 2. Nf3 Nc6 3. Bb5 Nf6 4. d3 Bc5 5. c3 0-0 6. 0-0 Re8 7. Bg5 a6 8. Ba4 h6 9. Bh4 b5 10. Bc2 Be7 11. h3 d6 12. Nbd2 Nh7 13. Bg3 Be6 14. d4 exd4 15. cxd4 d5 16. e5 Qd7 17. Rc1 Nf8 18. Bb1 Rac8 19. Re1 Na5 20. Nf1 Ng6 21. Bxg6 fxg6 22. Ne3 Nc4 23. b3 Nxe3 24. Rxe3 g5 25. Nh2 c5 26. dxc5 Bxc5 27. Rec3 Ba3 28. Rxc8 Rxc8 29. Rxc8+ Qxc8 30. Nf3 Bc5 31. Nd4 Bf7 32. Qd3 Qd7 33. h4 gxh4 34. Bxh4 Qa7 35. Nf5 Bg6 36. Qf3 Kh7 0-1

[Event "Titled Tuesday intern op 18th Apr Early"]
[Site "Chess.com INT"]
[Date "2023.04.18"]
[Round "8"]
[White "Bastos Seixas, Pedro Lucas"]
[Black "Osuna Vega, Enrique"]
[Result "1-0"]
[WhiteElo "2055"]
[BlackElo "2061"]
[PlyCount "51"]
[EventDate "2023.04.18"]
[EventType "swiss (blitz)"]
[EventRounds "11"]
[EventCountry "USA"]
[SourceTitle "EXT 2024"]
[Source "ChessBase"]
[SourceDate "2023.10.10"]
[SourceVersion "1"]
[SourceVersionDate "2023.10.10"]
[SourceQuality "1"]

1. d4 c6 2. e4 d5 3. exd5 cxd5 4. c4 Nf6 5. c5 g6 6. Nf3 Bg7 7. Nc3 0-0 8. Be2 b6 9. b4 a5 10. b5 Ne4 11. Nxe4 dxe4 12. Ne5 bxc5 13. Bb2 Qc7 14. Rc1 Nd7 15. Nc6 Re8 16. Bc4 Bb7 17. Qb3 e6 18. d5 exd5 19. Bxd5 Nf6 20. Bxf6 Bxf6 21. 0-0 Bxc6 22. Bxc6 Bd4 23. Bxa8 Rxa8 24. Qd5 Re8 25. Qxd4 cxd4 26. Rxc7 1-0

[Event "Titled Tuesday intern op 18th Apr Early"]
[Site "Chess.com INT"]
[Date "2023.04.18"]
[Round "9"]
[White "Osuna Vega, Enrique"]
[Black "Manon Og, Ramon Jr"]
[Result "0-1"]
[WhiteElo "2061"]
[BlackElo "1999"]
[PlyCount "56"]
[EventDate "2023.04.18"]
[EventType "swiss (blitz)"]
[EventRounds "11"]
[EventCountry "USA"]
[SourceTitle "EXT 2024"]
[Source "ChessBase"]
[SourceDate "2023.10.10"]
[SourceVersion "1"]
[SourceVersionDate "2023.10.10"]
[SourceQuality "1"]

1. e4 c5 2. Nf3 d6 3. d4 cxd4 4. Nxd4 Nf6 5. f3 a6 6. c4 e6 7. Nc3 Be7 8. Be3 0-0 9. Be2 Nc6 10. 0-0 Bd7 11. Rc1 Rc8 12. Qd2 Nxd4 13. Bxd4 Nh5 14. f4 Nxf4 15. Qxf4 e5 16. Qd2 exd4 17. Nd5 Bg5 18. Nf4 Qf6 19. g3 Qe5 20. Qd3 b5 21. cxb5 Rxc1 22. Rxc1 Bxf4 23. gxf4 Qxf4 24. Rf1 Qg5+ 25. Qg3 Qd2 26. Bc4 axb5 27. Bd5 Be6 28. Bxe6 Qe3+ 0-1

[Event "Titled Tuesday intern op 14th Mar Late"]
[Site "Chess.com INT"]
[Date "2023.03.14"]
[Round "2"]
[White "Osuna Vega, Enrique"]
[Black "Garrido Dominguez, Jesus"]
[Result "0-1"]
[WhiteElo "2061"]
[BlackElo "2414"]
[PlyCount "144"]
[EventDate "2023.03.14"]
[EventType "swiss (blitz)"]
[EventRounds "11"]
[EventCountry "USA"]
[SourceTitle "EXT 2024"]
[Source "ChessBase"]
[SourceDate "2023.10.10"]
[SourceVersion "1"]
[SourceVersionDate "2023.10.10"]
[SourceQuality "1"]

1. e4 d6 2. d4 Nf6 3. Nc3 e5 4. Nf3 Nbd7 5. Bc4 Be7 6. a4 0-0 7. h3 c6 8. Be3 Nxe4 9. Nxe4 d5 10. Ned2 dxc4 11. Nxc4 e4 12. Nfd2 f5 13. Bf4 Nf6 14. Be5 Nd5 15. a5 Qe8 16. Nd6 Qg6 17. Nxc8 Raxc8 18. 0-0 Bg5 19. Nc4 Bf4 20. Kh1 Rcd8 21. Qe2 h6 22. f3 Qg3 23. Bxf4 Nxf4 24. Qf2 Qxf2 25. Rxf2 Rxd4 26. fxe4 Rxc4 27. Rxf4 fxe4 28. Rxf8+ Kxf8 29. c3 Ke7 30. Kg1 Ke6 31. Kf2 Rc5 32. Ke3 Rg5 33. g4 h5 34. Kxe4 hxg4 35. hxg4 Rxg4+ 36. Kf3 Rg5 37. Re1+ Re5 38. Rg1 g5 39. b4 Kd5 40. Rd1+ Ke6 41. Rh1 Rf5+ 42. Ke4 Rf4+ 43. Ke3 Rf7 44. Rg1 Rg7 45. Ke4 g4 46. Rg3 Kd6 47. Rd3+ Kc7 48. Rg3 b6 49. axb6+ Kxb6 50. Kf4 Kb5 51. Ke5 c5 52. bxc5 Kxc5 53. Kf4 Kc4 54. Ke5 a5 55. Kf6 Rg8 56. Kf7 Rg5 57. Kf6 Rc5 58. Rxg4+ Kxc3 59. Ke6 Kb3 60. Kd6 Rc3 61. Rg8 a4 62. Rb8+ Kc2 63. Ra8 a3 64. Kd5 Kb2 65. Kd4 Rc7 66. Rb8+ Kc2 67. Ra8 Rc3 68. Ra7 Rh3 69. Rc7+ Kb2 70. Rb7+ Rb3 71. Ra7 a2 72. Kc4 Rb8 0-1

[Event "Titled Tuesday intern op 7th Mar Early"]
[Site "Chess.com INT"]
[Date "2023.03.07"]
[Round "3"]
[White "Arencibia Monduy, Antonio"]
[Black "Osuna Vega, Enrique"]
[Result "1-0"]
[WhiteElo "2122"]
[BlackElo "2061"]
[PlyCount "81"]
[EventDate "2023.03.07"]
[EventType "swiss (blitz)"]
[EventRounds "11"]
[EventCountry "USA"]
[SourceTitle "EXT 2024"]
[Source "ChessBase"]
[SourceDate "2023.10.10"]
[SourceVersion "1"]
[SourceVersionDate "2023.10.10"]
[SourceQuality "1"]

1. e4 d6 2. d4 Nf6 3. Nc3 e5 4. Nf3 Nbd7 5. a4 Be7 6. Bc4 0-0 7. 0-0 a5 8. Re1 c6 9. Bg5 Nb6 10. Bb3 Nfd7 11. Be3 exd4 12. Bxd4 Nc5 13. Bxc5 dxc5 14. Qe2 Qd6 15. e5 Qg6 16. e6 Bxe6 17. Bxe6 fxe6 18. Qxe6+ Qxe6 19. Rxe6 Bf6 20. Ne4 Bxb2 21. Rb1 Nxa4 22. Nfd2 Rfe8 23. Rd6 Rad8 24. Nc4 Rxd6 25. Nexd6 Re2 26. Nxb7 Rxc2 27. Nbxa5 Nc3 28. Re1 Ne2+ 29. Kf1 Nd4 30. Nd6 h6 31. Nac4 Bc3 32. Re8+ Kh7 33. g3 Nb5 34. h4 Nxd6 35. Nxd6 Bd4 36. Rf8 c4 37. h5 c3 38. Ke1 c5 39. Nf7 Bxf2+ 40. Kf1 g5 41. Ne5 1-0

[Event "Titled Tuesday intern op 21st Feb Early"]
[Site "Chess.com INT"]
[Date "2023.02.21"]
[Round "9"]
[White "Sarkar, Justin"]
[Black "Osuna Vega, Enrique"]
[Result "0-1"]
[WhiteElo "2331"]
[BlackElo "2072"]
[PlyCount "72"]
[EventDate "2023.02.21"]
[EventType "swiss (blitz)"]
[EventRounds "11"]
[EventCountry "USA"]
[SourceTitle "CBM 212 Extra"]
[Source "ChessBase"]
[SourceDate "2023.03.31"]
[SourceVersion "1"]
[SourceVersionDate "2023.03.31"]
[SourceQuality "1"]

1. e4 d6 2. d4 Nf6 3. Nc3 e5 4. Nf3 Nbd7 5. Bc4 Be7 6. 0-0 0-0 7. Qe2 exd4 8. Nxd4 Ne5 9. Bb3 c5 10. Nf5 Bxf5 11. exf5 Qd7 12. Nd5 Bd8 13. Nxf6+ Bxf6 14. Bd5 Rae8 15. f4 Nc6 16. Qg4 Nd4 17. c3 Qxf5 18. Qxf5 Nxf5 19. Bxb7 Ne3 20. Bxe3 Rxe3 21. Rae1 Rfe8 22. Kf2 Rxe1 23. Rxe1 Rb8 24. Bc6 Rxb2+ 25. Re2 Rxe2+ 26. Kxe2 Bxc3 27. Kd3 Bd4 28. f5 Kf8 29. g4 Ke7 30. Kc4 Kf6 31. h3 Kg5 32. Bd5 f6 33. Kd3 Kh4 34. Bg2 Kg3 35. Bf1 Kf2 36. Be2 d5 0-1

[Event "Titled Tuesday intern op 21st Feb Early"]
[Site "Chess.com INT"]
[Date "2023.02.21"]
[Round "1"]
[White "Sherman, Reem"]
[Black "Osuna Vega, Enrique"]
[Result "1-0"]
[WhiteElo "2151"]
[BlackElo "2072"]
[PlyCount "65"]
[EventDate "2023.02.21"]
[EventType "swiss (blitz)"]
[EventRounds "11"]
[EventCountry "USA"]
[SourceTitle "CBM 212 Extra"]
[Source "ChessBase"]
[SourceDate "2023.03.31"]
[SourceVersion "1"]
[SourceVersionDate "2023.03.31"]
[SourceQuality "1"]

1. e4 d6 2. Nc3 c5 3. g3 Nc6 4. Bg2 g6 5. d3 Bg7 6. Nge2 e6 7. 0-0 Nge7 8. f4 d5 9. e5 Nf5 10. Qe1 0-0 11. g4 Nh4 12. Bh1 Nb4 13. Qd1 f6 14. exf6 Bxf6 15. a3 Nc6 16. h3 Nd4 17. Nxd4 Bxd4+ 18. Kh2 e5 19. Ne2 exf4 20. Nxd4 cxd4 21. Qe1 g5 22. Qe5 Qf6 23. Bxd5+ Kg7 24. Qc7+ Kh6 25. Bd2 Be6 26. Bxe6 Qxe6 27. Rae1 Qd5 28. Rf2 Rae8 29. Rxe8 Rxe8 30. Bxf4 Nf3+ 31. Kg3 gxf4+ 32. Qxf4+ Ng5 33. Qf6# 1-0

[Event "Titled Tuesday intern op 14th Feb Early"]
[Site "Chess.com INT"]
[Date "2023.02.14"]
[Round "1"]
[White "Jaskolka, Tomasz"]
[Black "Osuna Vega, Enrique"]
[Result "1-0"]
[WhiteElo "2238"]
[BlackElo "2072"]
[PlyCount "107"]
[EventDate "2023.02.14"]
[EventType "swiss (blitz)"]
[EventRounds "11"]
[EventCountry "USA"]
[SourceTitle "CBM 212 Extra"]
[Source "ChessBase"]
[SourceDate "2023.03.31"]
[SourceVersion "1"]
[SourceVersionDate "2023.03.31"]
[SourceQuality "1"]

1. d4 c6 2. c4 b5 3. e4 bxc4 4. Bxc4 d5 5. Bd3 e6 6. Nc3 Nf6 7. e5 Nfd7 8. Nf3 c5 9. Bf4 Nc6 10. Bb5 Qb6 11. Bxc6 Qxc6 12. 0-0 Be7 13. Re1 Rb8 14. Qd2 0-0 15. Rac1 Qa6 16. h4 cxd4 17. Qxd4 Rb4 18. Qd2 Nb6 19. b3 Bd7 20. Bg5 Bc5 21. Nxd5 Bxf2+ 22. Kxf2 Nxd5 23. Be7 Nxe7 24. Qxb4 Nd5 25. Qd2 Qb7 26. Rc2 a6 27. Rec1 Bb5 28. Nd4 h6 29. Nxb5 Qxb5 30. Rc5 Qb8 31. Qd4 Rd8 32. Kg1 Qb7 33. Qe4 Qe7 34. g3 Qb7 35. Kh2 Qb6 36. R1c4 Qa7 37. Qf3 Qb6 38. a3 Qa7 39. b4 Qb6 40. Rc6 Qa7 41. Rd6 Rf8 42. a4 Qe7 43. b5 axb5 44. axb5 Qb7 45. Rc5 Ra8 46. Rdc6 Ra2+ 47. Kh3 Ra8 48. Qe4 g6 49. Qc4 Rd8 50. Rc8 Rxc8 51. Rxc8+ Kg7 52. Qc5 Qb6 53. Qf8+ Kh7 54. Qh8# 1-0

[Event "Titled Tuesday intern op 14th Feb Early"]
[Site "Chess.com INT"]
[Date "2023.02.14"]
[Round "8"]
[White "Osuna Vega, Enrique"]
[Black "Floresvillar Gonzalez, Luis Miguel"]
[Result "1-0"]
[WhiteElo "2072"]
[BlackElo "2075"]
[PlyCount "71"]
[EventDate "2023.02.14"]
[EventType "swiss (blitz)"]
[EventRounds "11"]
[EventCountry "USA"]
[SourceTitle "CBM 212 Extra"]
[Source "ChessBase"]
[SourceDate "2023.03.31"]
[SourceVersion "1"]
[SourceVersionDate "2023.03.31"]
[SourceQuality "1"]

1. e4 e5 2. Nf3 Nc6 3. Bb5 Nf6 4. d3 Qe7 5. Nc3 Nd4 6. Bc4 c6 7. Bg5 d6 8. h3 Be6 9. Bxe6 fxe6 10. Nxd4 exd4 11. Ne2 c5 12. f4 h6 13. Bh4 g6 14. e5 g5 15. exf6 Qxf6 16. Bg3 0-0-0 17. Qd2 Be7 18. 0-0-0 gxf4 19. Bxf4 e5 20. Bh2 Qg7 21. Kb1 Qxg2 22. Rdg1 Qc6 23. Ng3 Bg5 24. Qg2 d5 25. Nf5 Rhe8 26. h4 Bf4 27. Bxf4 exf4 28. Qg4 Kb8 29. Qxf4+ Ka8 30. Qxh6 Re6 31. Qg5 Rde8 32. Ng7 Re5 33. Nxe8 Rxg5 34. hxg5 Qxe8 35. g6 Qe3 36. Rh8+ 1-0

[Event "Gibraltar Masters 18th"]
[Site "Caleta"]
[Date "2020.01.28"]
[Round "8"]
[White "Skou, Niels"]
[Black "Osuna Vega, Enrique"]
[Result "1/2-1/2"]
[WhiteElo "2036"]
[BlackElo "2129"]
[PlyCount "54"]
[EventDate "2020.01.21"]
[EventType "swiss"]
[EventRounds "10"]
[EventCountry "GGB"]
[SourceTitle "CBM 194 Extra"]
[Source "ChessBase"]
[SourceDate "2020.03.31"]
[SourceVersion "1"]
[SourceVersionDate "2020.03.31"]
[SourceQuality "1"]

1. d4 c6 2. c4 b5 3. b3 Nf6 4. Nf3 e6 5. e3 Be7 6. Be2 0-0 7. 0-0 a6 8. Qc2 d6 9. Bb2 Bb7 10. Nc3 bxc4 11. bxc4 c5 12. dxc5 dxc5 13. Rab1 Qc7 14. Rfd1 Nc6 15. a3 Rfd8 16. h3 Rxd1+ 17. Rxd1 Rd8 18. Rxd8+ Qxd8 19. Bd3 h6 20. Ne4 Nxe4 21. Bxe4 Qb6 22. Ne5 Nxe5 23. Bxe5 Bc6 24. Bh7+ Kh8 25. Be4 Kg8 26. Bh7+ Kh8 27. Be4 Kg8 1/2-1/2

[Event "Gibraltar Challengers op-B"]
[Site "Caleta"]
[Date "2020.01.25"]
[Round "1"]
[White "Osuna Vega, Enrique"]
[Black "Ruiz Buendia, Miguel"]
[Result "1-0"]
[WhiteElo "2129"]
[BlackElo "1917"]
[PlyCount "61"]
[EventDate "2020.01.25"]
[EventType "swiss"]
[EventRounds "5"]
[EventCountry "GGB"]
[SourceTitle "CBM 194 Extra"]
[Source "ChessBase"]
[SourceDate "2020.03.31"]
[SourceVersion "1"]
[SourceVersionDate "2020.03.31"]
[SourceQuality "1"]

1. d4 Nf6 2. Nf3 e6 3. Bf4 b6 4. e3 Bb7 5. Bd3 d5 6. Nbd2 Be7 7. Ne5 0-0 8. Qf3 c5 9. c3 Nc6 10. Qh3 cxd4 11. exd4 g6 12. Bh6 Re8 13. f4 Nxe5 14. fxe5 Ne4 15. Nxe4 dxe4 16. Bb5 Qd5 17. Bxe8 Rxe8 18. 0-0 Ba6 19. Rf2 Bd3 20. Qe3 Bf8 21. a3 a5 22. Re1 a4 23. Qf4 Qd7 24. Re3 Bxh6 25. Qxh6 Qe7 26. Rh3 f5 27. exf6 Qf7 28. Qf4 Rd8 29. Re3 Re8 30. h4 h5 31. g4 1-0

[Event "Gibraltar Masters 18th"]
[Site "Caleta"]
[Date "2020.01.25"]
[Round "5"]
[White "Padmini, Rout"]
[Black "Osuna Vega, Enrique"]
[Result "1-0"]
[WhiteElo "2369"]
[BlackElo "2129"]
[PlyCount "123"]
[EventDate "2020.01.21"]
[EventType "swiss"]
[EventRounds "10"]
[EventCountry "GGB"]
[SourceTitle "CBM 194 Extra"]
[Source "ChessBase"]
[SourceDate "2020.03.31"]
[SourceVersion "1"]
[SourceVersionDate "2020.03.31"]
[SourceQuality "1"]

1. e4 c5 2. Nf3 Nf6 3. e5 Nd5 4. Nc3 Nxc3 5. dxc3 d5 6. exd6 Qxd6 7. Qxd6 exd6 8. Bc4 Be7 9. Bf4 Be6 10. Bxe6 fxe6 11. 0-0-0 e5 12. Be3 Nc6 13. Rd5 0-0-0 14. Rhd1 Kc7 15. Nd2 b6 16. Ne4 h6 17. a3 a6 18. b4 Rhf8 19. f3 Rfe8 20. R1d2 Bf8 21. Rd1 Be7 22. Kb2 Na7 23. c4 Nc6 24. c3 Bf8 25. Kc2 Be7 26. Kd3 Rf8 27. Ke2 Rfe8 28. R5d2 a5 29. Rd5 Rf8 30. h4 Rfe8 31. h5 Rf8 32. g4 Rf7 33. R5d2 Rff8 34. Ng3 Rf7 35. Nf5 Bf8 36. Bf2 axb4 37. cxb4 cxb4 38. axb4 Nxb4 39. Rb1 d5 40. Rdb2 d4 41. Rxb4 Bxb4 42. Rxb4 Rdf8 43. Kd3 Rxf5 44. gxf5 Rxf5 45. Ke4 Rxh5 46. Bg3 Kc6 47. Bxe5 Kc5 48. Ra4 Rh4+ 49. f4 g5 50. Bxd4+ Kc6 51. Rb4 Rxf4+ 52. Ke5 h5 53. Rxb6+ Kc7 54. Rg6 Rg4 55. Kd5 h4 56. Bf6 h3 57. Rxg5 h2 58. Be5+ Kb7 59. Rh5 Rg8 60. Rxh2 Rd8+ 61. Bd6 Rc8 62. Rb2+ 1-0

[Event "Gibraltar Masters 18th"]
[Site "Caleta"]
[Date "2020.01.23"]
[Round "3"]
[White "Teh, Wee Zhun"]
[Black "Osuna Vega, Enrique"]
[Result "1-0"]
[WhiteElo "1857"]
[BlackElo "2129"]
[PlyCount "81"]
[EventDate "2020.01.21"]
[EventType "swiss"]
[EventRounds "10"]
[EventCountry "GGB"]
[SourceTitle "CBM 194 Extra"]
[Source "ChessBase"]
[SourceDate "2020.03.31"]
[SourceVersion "1"]
[SourceVersionDate "2020.03.31"]
[SourceQuality "1"]

1. d4 e6 2. c4 d5 3. Nc3 f5 4. Bf4 Nf6 5. e3 Be7 6. Bd3 0-0 7. h3 b6 8. Nf3 Ne4 9. 0-0 g5 10. Bh2 c6 11. Ne5 Bb7 12. Bxe4 dxe4 13. f3 exf3 14. Qxf3 Bd6 15. Kh1 a6 16. Rad1 Qe7 17. Qh5 Qg7 18. Na4 c5 19. Nxb6 Ra7 20. Na4 cxd4 21. exd4 f4 22. Nf3 Bc6 23. Nc3 Rf5 24. d5 exd5 25. cxd5 Bd7 26. Bg1 Rb7 27. Bd4 Qf7 28. Qxf7+ Kxf7 29. Ne4 Rxd5 30. Nfxg5+ Kg6 31. Nxd6 Rxd6 32. Ne4 Rd5 33. Rxf4 Bf5 34. Nc3 Rd6 35. Rdf1 Bd3 36. R1f3 Bc2 37. Be5 Re6 38. Rg3+ Kh5 39. Bf6 Rxf6 40. Rxf6 Rxb2 41. Nd5 1-0

[Event "Gibraltar Masters 18th"]
[Site "Caleta"]
[Date "2020.01.22"]
[Round "2"]
[White "Osuna Vega, Enrique"]
[Black "Melia, Salome"]
[Result "0-1"]
[WhiteElo "2129"]
[BlackElo "2368"]
[PlyCount "84"]
[EventDate "2020.01.21"]
[EventType "swiss"]
[EventRounds "10"]
[EventCountry "GGB"]
[SourceTitle "CBM 194 Extra"]
[Source "ChessBase"]
[SourceDate "2020.03.31"]
[SourceVersion "1"]
[SourceVersionDate "2020.03.31"]
[SourceQuality "1"]

1. e4 c5 2. Nf3 Nc6 3. d4 cxd4 4. Nxd4 Nf6 5. Nc3 e5 6. Ndb5 d6 7. Bg5 a6 8. Na3 b5 9. Nd5 Be7 10. Bxf6 Bxf6 11. c4 b4 12. Nc2 0-0 13. h4 a5 14. g3 Be6 15. Bg2 g6 16. Qd3 Bg7 17. h5 Ra7 18. Rd1 Rd7 19. b3 Nb8 20. Qe3 Na6 21. Nb6 Rb7 22. Na4 Qe7 23. Qd2 Rd7 24. hxg6 hxg6 25. 0-0 Qd8 26. Kh2 Bg4 27. f3 Be6 28. Bh3 f5 29. Kg2 Rff7 30. Ne1 Nc5 31. Nxc5 dxc5 32. Nd3 Rd4 33. Qe2 Rfd7 34. Nf2 Kf7 35. Rxd4 Rxd4 36. Rd1 a4 37. Rxd4 Qxd4 38. Qd3 Kf6 39. Qxd4 cxd4 40. Nd3 Bf8 41. Nb2 a3 42. Nd3 Bxc4 0-1

[Event "Gibraltar Challengers op-B"]
[Site "Caleta"]
[Date "2019.01.30"]
[Round "5"]
[White "Osuna Vega, Enrique"]
[Black "Pavlov, Egor"]
[Result "1-0"]
[WhiteElo "2116"]
[BlackElo "2187"]
[PlyCount "143"]
[EventDate "2019.01.26"]
[EventType "swiss"]
[EventRounds "5"]
[EventCountry "GGB"]
[SourceTitle "CBM 188 Extra"]
[Source "ChessBase"]
[SourceDate "2019.02.26"]
[SourceVersion "1"]
[SourceVersionDate "2019.02.26"]
[SourceQuality "1"]

1. d4 Nf6 2. Nf3 g6 3. c4 Bg7 4. Nc3 0-0 5. e4 d6 6. Be2 e5 7. dxe5 dxe5 8. Qxd8 Rxd8 9. Bg5 Re8 10. 0-0-0 Bg4 11. Nd5 Nxd5 12. cxd5 c6 13. Ng1 Bd7 14. Bc4 b5 15. dxc6 Bxc6 16. Bd5 a5 17. Ne2 b4 18. Kb1 a4 19. Rd2 Bxd5 20. Rxd5 Nc6 21. Be3 Nd4 22. Re1 Red8 23. Rxd8+ Rxd8 24. Rd1 Rc8 25. Bxd4 exd4 26. Rd3 Re8 27. f3 f5 28. Ng3 fxe4 29. Nxe4 Rc8 30. g3 Bh6 31. f4 Bg7 32. Ng5 Re8 33. Nf3 Re2 34. Rd2 d3 35. Kc1 Re3 36. Ne5 Bxe5 37. fxe5 Kf7 38. Rf2+ Ke6 39. Kd2 Rxe5 40. Kxd3 a3 41. bxa3 bxa3 42. Kc4 Re3 43. Kd4 Re1 44. h4 Rd1+ 45. Kc4 Ke5 46. Rf3 h6 47. Rxa3 g5 48. hxg5 hxg5 49. Ra5+ Kf6 50. Rd5 Ra1 51. Kb3 Rb1+ 52. Kc2 Rg1 53. Rd3 Ke5 54. a4 Ra1 55. Kb3 Ke4 56. Rc3 Kd4 57. Rc4+ Kd3 58. Rc3+ Kd4 59. Rc2 Rg1 60. Rc4+ Kd3 61. Rc3+ Kd4 62. Kb4 Rb1+ 63. Rb3 Ra1 64. a5 g4 65. Kb5 Ke4 66. Kb6 Rf1 67. a6 Rf3 68. Rxf3 Kxf3 69. a7 Kxg3 70. a8Q Kf2 71. Qf8+ Kg2 72. Kc5 1-0

[Event "Gibraltar Masters 17th"]
[Site "Caleta"]
[Date "2019.01.25"]
[Round "4"]
[White "Povah, Nigel Edward"]
[Black "Osuna Vega, Enrique"]
[Result "1-0"]
[WhiteElo "2329"]
[BlackElo "2116"]
[PlyCount "90"]
[EventDate "2019.01.22"]
[EventType "swiss"]
[EventRounds "10"]
[EventCountry "GGB"]
[SourceTitle "CBM 188 Extra"]
[Source "ChessBase"]
[SourceDate "2019.02.26"]
[SourceVersion "1"]
[SourceVersionDate "2019.02.26"]
[SourceQuality "1"]

1. d4 d6 2. Bf4 Nd7 3. Nf3 c5 4. e3 Ngf6 5. h3 g6 6. Nbd2 Bg7 7. c3 0-0 8. a4 a5 9. Be2 b6 10. 0-0 Bb7 11. Qc2 cxd4 12. exd4 Re8 13. Bb5 Nd5 14. Bh2 Nc7 15. Bc4 d5 16. Bd3 Ba6 17. Bxa6 Nxa6 18. Rfe1 Nab8 19. Qb3 e6 20. Qb5 Na6 21. Nf1 Qc8 22. Ne3 Qb7 23. Ng4 Red8 24. Bf4 Nc7 25. Qe2 Re8 26. Nfe5 Qc8 27. Nh6+ Bxh6 28. Bxh6 f6 29. Ng4 Qd8 30. Qf3 b5 31. b3 bxa4 32. bxa4 Rb8 33. Rab1 f5 34. Nh2 Rxb1 35. Rxb1 e5 36. dxe5 Nxe5 37. Qg3 Nf7 38. Be3 Ne6 39. Nf3 Qd7 40. Rb5 Qc6 41. Nd4 Nxd4 42. Bxd4 Qe6 43. Rxa5 Qe4 44. Qc7 f4 45. Qc6 Qe6 1-0

[Event "Gibraltar Challengers op-A"]
[Site "Caleta"]
[Date "2019.01.24"]
[Round "4"]
[White "Hassomal Daswani, Birjkumar"]
[Black "Osuna Vega, Enrique"]
[Result "1-0"]
[WhiteElo "2008"]
[BlackElo "2116"]
[PlyCount "107"]
[EventDate "2019.01.21"]
[EventType "swiss"]
[EventRounds "5"]
[EventCountry "GGB"]
[SourceTitle "CBM 188 Extra"]
[Source "ChessBase"]
[SourceDate "2019.02.26"]
[SourceVersion "1"]
[SourceVersionDate "2019.02.26"]
[SourceQuality "1"]

1. e4 e6 2. d4 d5 3. Nd2 a6 4. e5 c5 5. c3 Nc6 6. Ngf3 Bd7 7. Be2 cxd4 8. cxd4 Nh6 9. 0-0 f6 10. Nb3 Nf7 11. exf6 Qxf6 12. Be3 Bd6 13. Rc1 0-0 14. Nc5 Bxc5 15. Rxc5 Rfc8 16. Qb3 b5 17. Rfc1 Nd6 18. Bd3 Nb7 19. Rxc6 Rxc6 20. Rxc6 Bxc6 21. Bxh7+ Kxh7 22. Qc2+ Qf5 23. Qxc6 Qb1+ 24. Bc1 Nd6 25. Nd2 Qa1 26. Qxa8 Qxc1+ 27. Nf1 Qxb2 28. Qf8 Ne4 29. Qf7 Qe2 30. h4 Nf6 31. Ne3 Qe1+ 32. Nf1 a5 33. h5 Qe4 34. Ng3 Qg4 35. Qc7 Nxh5 36. Nf1 a4 37. Qe5 Qf5 38. Qe2 b4 39. Qd1 Nf4 40. Ne3 Qd3 41. Qxa4 Ne2+ 42. Kh2 Qxd4 43. Qc2+ Qe4 44. Qxe2 Qe5+ 45. g3 d4 46. Qd3+ Kg8 47. Nc2 Qh5+ 48. Kg1 e5 49. Nxb4 Qg5 50. Qe4 Qc1+ 51. Kg2 Qc3 52. Nd3 Qa3 53. Qd5+ Kh8 54. Nxe5 1-0